日本の地図記号 - Statistics

General Stats
  • This quiz has been taken 276 times
  • The average score is 23 of 97
Answer Stats
Hint Answer % Correct
79%
市役所 特別区の区役所
78%
植生
78%
小・中学校
77%
警察署
75%
消防署
71%
老人ホーム
71%
交番
70%
果樹園
70%
高等学校
69%
針葉樹林
66%
三角点・地殻変動観測点
64%
広葉樹林
63%
病院
59%
図書館
55%
税務署
51%
裁判所
50%
水準点
45%
灯台
45%
荒地
41%
郵便局
40%
博物館
40%
町村役場 政令指定都市の区役所
40%
神社
38%
建物(続き) 寺院
36%
茶畑
35%
竹林
30%
城跡
30%
漁港
30%
ダム
28%
風車
27%
温泉
27%
記念碑
26%
保健所
24%
墓地
24%
史跡・名勝・天然記念物
22%
基準点 電子基準点
21%
煙突
21%
港湾
20%
2条河川・湖沼
20%
自然災害伝承碑
19%
電波塔
19%
ハイマツ地
18%
せき
17%
湿地
16%
官公署
15%
14%
14%
河川、湖沼及び海 1条河川
12%
標高点
11%
水門
11%
凹地
11%
凹地
11%
海岸線
10%
構造物 高塔
9%
送電線
9%
笹地
9%
市区町村界
9%
水深
8%
発電所等
8%
陸部の地形 主曲線
8%
計曲線
8%
干潟
8%
堅ろう建物
7%
油井・ガス井
7%
坑口
7%
ヤシ科樹林
7%
採鉱地
7%
隠顕岩
7%
行政界 都府県界
7%
かれ川
6%
建物 普通建物
6%
高層建物
6%
噴火口・噴気口
6%
補助曲線
6%
岩崖
6%
水面標高
5%
地下の水路
5%
無壁舎
5%
タンク
5%
防波堤等
5%
水制
5%
雨裂
5%
砂れき地
5%
万年雪
5%
土崖
5%
水部の地形 等深線主曲線
5%
等深線計曲線
5%
等深線補助曲線
5%
所属界
5%
空間の水路
4%
流水方向
4%
水上・海上交通
4%
指示点
4%
特定地区 特定地区界
4%
北海道総合振興局・振興局界
4%
固定急斜面
2%
No matching quizzes found
Score Distribution
Percent of People with Each Score
Percentile by Number Answered
Your Score History
You have not taken this quiz